000 01067cad a22002175a 4500
001 L156847
008 120719e20120217 d f s i000 0 eng d
035 _a(Sirsi) u156847
041 0 _aeng
110 2 _aEurostat
_91416
245 0 0 _aProduction in construction up by 0.1% in euro area
_h[electronic resource]
260 _c2012
490 0 _aEurostat News Release
_v(109/2012) 18 July 2012
520 _aIn the construction sector, seasonally adjusted production rose by 0.1% in the euro area and by 1.6% in the EU27 in May 2012, compared with the previous month. In April 2012, production decreased by 3.7% and 6.9% respectively. Compared with May 2011, production in May 2012 dropped by 8.4% in the euro area and by 6.9% in the EU27.
590 _aKA
650 2 4 _aEUROSTAT MONTHLY CONSTRUCTION INDEX
651 4 _aEurope
690 _aConstruction management
_96230
856 4 0 _uhttps://epp.eurostat.ec.europa.eu/cache/ITY_PUBLIC/4-18072012-AP/EN/4-18072012-AP-EN.PDF
_zView the release free of charge at http://epp.eurostat.ec.europa.eu
942 _n0
999 _c114449
_d114449